[Event "Warsaw YMCA Autumn 53rd"]
[Site "Warsaw"]
[Date "2008.11.06"]
[Round "5"]
[White "Budakow, Adrian"]
[Black "Pietrzak, Wojciech"]
[Result "0-1"]
[WhiteElo "1886"]
[BlackElo "1912"]
[PlyCount "62"]
[EventDate "2008.10.09"]
[EventType "tourn"]
[EventRounds "13"]
[EventCountry "POL"]
[SourceTitle "EXT 2019"]
[Source "ChessBase"]
[SourceDate "2018.10.10"]
[SourceVersion "1"]
[SourceVersionDate "2018.10.10"]
[SourceQuality "1"]

1. d4 d5 2. Nf3 c5 3. c3 e6 4. Bf4 Nf6 5. e3 Be7 6. Bd3 0-0 7. 0-0 b6 8. Re1 Ba6 9. Bxb8 Bxd3 10. Be5 Bg6 11. Nbd2 Ne4 12. Nxe4 dxe4 13. Nd2 Qd7 14. Qb3 Qc6 15. Rad1 Bh5 16. Rc1 Rfd8 17. h3 Rd5 18. c4 Rd7 19. Qc3 Rad8 20. Bxg7 f6 21. Bh6 cxd4 22. exd4 Rxd4 23. b3 Kf7 24. Nf1 Rd3 25. Qb2 Bc5 26. b4 Bd4 27. Qc2 f5 28. b5 Qd6 29. Kh1 Rxh3+ 30. Kg1 Rg8 31. Rxe4 Bf3 0-1

[Event "Warsaw YMCA Autumn 53rd"]
[Site "Warsaw"]
[Date "2008.10.16"]
[Round "2"]
[White "Szewczak, Andrzej"]
[Black "Budakow, Adrian"]
[Result "0-1"]
[WhiteElo "1964"]
[BlackElo "1886"]
[PlyCount "56"]
[EventDate "2008.10.09"]
[EventType "tourn"]
[EventRounds "13"]
[EventCountry "POL"]
[SourceTitle "EXT 2019"]
[Source "ChessBase"]
[SourceDate "2018.10.10"]
[SourceVersion "1"]
[SourceVersionDate "2018.10.10"]
[SourceQuality "1"]

1. e4 d5 2. exd5 Nf6 3. c4 c6 4. dxc6 Nxc6 5. Nc3 e5 6. d3 h6 7. a3 Bc5 8. Be3 Bxe3 9. fxe3 Bg4 10. Be2 Bxe2 11. Qxe2 0-0 12. Nh3 Re8 13. 0-0 Qb6 14. Kh1 Rad8 15. b4 a6 16. Rf2 Rd7 17. Raf1 Ne7 18. c5 Qe6 19. Na4 Red8 20. Nb2 Ned5 21. e4 Nc3 22. Qc2 Nb5 23. a4 Nd4 24. Qc4 Ng4 25. Rd2 Qg6 26. Nd1 Qh5 27. Ndf2 Ne3 28. Qc1 Nb3 0-1

[Event "Warsaw City-ch"]
[Site "Warsaw"]
[Date "2008.09.28"]
[Round "2"]
[White "Borowicz, Przemyslaw"]
[Black "Budakow, Adrian"]
[Result "1-0"]
[WhiteElo "1970"]
[BlackElo "1886"]
[PlyCount "65"]
[EventDate "2008.09.27"]
[EventType "swiss"]
[EventRounds "9"]
[EventCountry "POL"]
[SourceTitle "EXT 2010"]
[Source "ChessBase"]
[SourceDate "2010.11.25"]
[SourceVersion "1"]
[SourceVersionDate "2010.11.25"]
[SourceQuality "1"]

1. d4 d5 2. Nf3 a6 3. Bg5 Qd6 4. c3 Nd7 5. e3 c5 6. Nbd2 e6 7. a4 Be7 8. Bf4 Qc6 9. Ne5 Nxe5 10. Bxe5 f6 11. Bg3 Nh6 12. Bd3 0-0 13. Qc2 f5 14. 0-0 Nf7 15. Nf3 c4 16. Be2 Nd6 17. Ne5 Qe8 18. b3 cxb3 19. Qxb3 Ne4 20. Rfd1 h5 21. f3 Nxg3 22. hxg3 h4 23. g4 fxg4 24. Nxg4 Qh5 25. Qc2 Rf5 26. f4 Qh7 27. Bd3 g5 28. Bxf5 exf5 29. Ne5 Be6 30. Rdb1 gxf4 31. exf4 Kh8 32. Rb6 Qg8 33. Qe2 1-0

[Event "Ostroda op 5th"]
[Site "Ostroda"]
[Date "2008.08.09"]
[Round "8.7"]
[White "Tuszynski, Eugeniusz"]
[Black "Budakow, Adrian"]
[Result "1-0"]
[WhiteElo "1792"]
[BlackElo "1886"]
[PlyCount "65"]
[EventDate "2008.08.04"]
[EventType "swiss"]
[EventRounds "9"]
[EventCountry "POL"]
[SourceTitle "EXT 2023"]
[Source "ChessBase"]
[SourceDate "2022.10.05"]
[SourceVersion "1"]
[SourceVersionDate "2022.10.05"]
[SourceQuality "1"]

1. e4 g6 2. d4 Bg7 3. Nf3 d6 4. Bc4 c6 5. 0-0 b5 6. Bb3 Nd7 7. Qe2 Qc7 8. Re1 e5 9. c3 Ngf6 10. Bg5 0-0 11. Nbd2 a6 12. Nf1 c5 13. Rac1 c4 14. Bc2 Re8 15. Qd2 Bb7 16. Ng3 Nf8 17. d5 N8d7 18. Bh6 Bh8 19. Qg5 Bc8 20. h3 a5 21. h4 Nc5 22. h5 Ng4 23. hxg6 fxg6 24. Nf5 Bxf5 25. exf5 Nxh6 26. Qxh6 gxf5 27. Bxf5 Qf7 28. Be4 Rf8 29. Ng5 Qxf2+ 30. Kh1 Rf7 31. Bxh7+ Rxh7 32. Qxh7+ Kf8 33. Rf1 1-0